[Event "37th Reykjavik op"]
[Site "Reykjavik ISL"]
[Date "2024.03.16"]
[Round "2.23"]
[White "Seemann, Jakub"]
[Black "Karamsetty, Jeevan"]
[WhiteElo "2451"]
[BlackElo "2187"]
[Result "1-0"]
[EventDate "2024.03.15"]
[PlyCount "93"]

1. e4 {[%eval 13,0]} d6 $6 {[%eval 75,0] Inaccuracy. e5 was best.} (1... e5 2.
Nf3 Nc6 3. Bb5 Nf6 4. O-O Nxe4 5. Re1 Nd6 6. Nxe5) 2. d4 {[%eval 4,0]} Nf6 {
[%eval 63,0]} 3. Nc3 {[%eval 48,0]} e5 {[%eval 52,0]} 4. Nge2 {[%eval 38,0]} c6
{[%eval 39,0]} 5. a4 {[%eval 2,0]} a5 {[%eval 6,0]} 6. g3 {[%eval 35,0]} Be7 {
[%eval 39,0]} 7. Bg2 {[%eval 24,0]} O-O {[%eval 37,0]} 8. O-O {[%eval 39,0]}
Qc7 {[%eval 48,0]} 9. h3 {[%eval 57,0]} Rd8 {[%eval 75,0]} 10. Be3 {[%eval 62,
0]} Nbd7 {[%eval 73,0]} 11. g4 {[%eval 57,0]} Nf8 {[%eval 61,0]} 12. f4 {
[%eval 59,0]} exf4 {[%eval 69,0]} 13. Nxf4 {[%eval 75,0]} h6 {[%eval 61,0]} 14.
Qd2 {[%eval 68,0]} N8h7 {[%eval 98,0]} 15. Nfe2 {[%eval 78,0]} Rb8 {[%eval 86,
0]} 16. Ng3 {[%eval 68,0]} b5 {[%eval 56,0]} 17. axb5 {[%eval 64,0]} cxb5 {
[%eval 58,0]} 18. Nf5 {[%eval 39,0]} b4 {[%eval 47,0]} 19. Ne2 {[%eval 41,0]}
Bf8 {[%eval 41,0]} 20. Neg3 {[%eval 51,0]} Re8 {[%eval 39,0]} 21. Bf4 {[%eval
46,0]} Bxf5 {[%eval 56,0]} 22. gxf5 {[%eval 47,0]} Rbc8 {[%eval 63,0]} 23. Rac1
{[%eval 28,0]} Qb6 {[%eval 38,0]} 24. Kh1 {[%eval 25,0]} Nd7 {[%eval 45,0]} 25.
Rce1 {[%eval 22,0]} Rc4 $6 {[%eval 131,0] Inaccuracy. a4 was best.} (25... a4
26. Qd3) 26. c3 $6 {[%eval 58,0] Inaccuracy. b3 was best.} (26. b3) 26... Qc7 {
[%eval 56,0]} 27. Rf3 {[%eval 4,0]} bxc3 {[%eval 4,0]} 28. bxc3 {[%eval 49,0]}
Rc8 $6 {[%eval 113,0] Inaccuracy. Nhf6 was best.} (28... Nhf6 29. Bf1 Rc6 30.
Rfe3 Rb8 31. c4 Kh7 32. Ra3 Rb4 33. Rea1 Rcxc4 34. Bxc4 Qxc4 35. Rxa5) 29. e5 {
[%eval 115,0]} Nb6 $4 {[%eval 351,0] Blunder. dxe5 was best.} (29... dxe5 30.
dxe5) 30. Ne4 $4 {[%eval 134,0] Blunder. f6 was best.} (30. f6 g5 31. exd6 Qd7
32. Be5 R4c6 33. Nf5 Nc4 34. Qa2 Rxd6 35. Bxd6 Nxd6 36. Re7 Bxe7) 30... dxe5 {
[%eval 104,0]} 31. dxe5 {[%eval 132,0]} Rd8 {[%eval 176,0]} 32. Rd3 {[%eval
173,0]} Rxd3 {[%eval 224,0]} 33. Qxd3 {[%eval 212,0]} Qc8 {[%eval 267,0]} 34.
Be3 {[%eval 261,0]} Na4 {[%eval 303,0]} 35. Bd4 {[%eval 307,0]} Rc7 {[%eval
301,0]} 36. Nd6 {[%eval 328,0]} Qd8 {[%eval 326,0]} 37. Nb5 {[%eval 296,0]} Rc8
{[%eval 371,0]} 38. e6 {[%eval 358,0]} fxe6 {[%eval 400,0]} 39. fxe6 {[%eval
426,0]} Be7 {[%eval 505,0]} 40. Qg6 {[%eval 476,0]} Qf8 $6 {[%eval 619,0]
Inaccuracy. Nf6 was best.} (40... Nf6 41. Na7 Nb6 42. Rg1 Qe8 43. Nxc8 Nxc8 44.
Qxe8+ Nxe8 45. Ra1 Bf6 46. Rxa5 Bxd4 47. cxd4) 41. Rf1 {[%eval 674,0]} Nf6 {
[%eval 607,0]} 42. Bxf6 {[%eval 571,0]} Bxf6 {[%eval 32742,0]} 43. Be4 {
[%eval 561,0]} Qd8 {[%eval 32744,0]} 44. Nd6 {[%eval 32750,0]} Rxc3 {[%eval
32750,0]} 45. Rxf6 {[%eval 32748,0]} Rc1+ {[%eval 32748,0]} 46. Kg2 {[%eval
32750,0]} Qxf6 {[%eval 32750,0]} 47. Qe8+ $2 {[%eval 853,0] Lost forced
checkmate sequence. Qxf6 was best.} (47. Qxf6 gxf6 48. e7 Rc8 49. Nxc8 Kf7 50.
Bd5+ Ke8 51. Bc6+ Kf7 52. e8=Q+ Kg7 53. Ne7 f5) 1-0

[Event "37th Reykjavik op"]
[Site "Reykjavik ISL"]
[Date "2024.03.16"]
[Round "2.24"]
[White "Birkisson, Bardur Oern"]
[Black "Larkin, Vladyslav"]
[WhiteElo "2189"]
[BlackElo "2450"]
[Result "0-1"]
[EventDate "2024.03.15"]
[PlyCount "73"]

1. Nf3 {[%eval 2,0]} Nf6 {[%eval 29,0]} 2. g3 {[%eval 3,0]} g6 {[%eval 25,0]}
3. Bg2 {[%eval 13,0]} Bg7 {[%eval 36,0]} 4. c4 {[%eval 23,0]} O-O {[%eval 21,0]
} 5. d4 {[%eval 1,0]} d6 {[%eval 43,0]} 6. Nc3 {[%eval 27,0]} Nc6 {[%eval 58,0]
} 7. d5 {[%eval 42,0]} Na5 {[%eval 66,0]} 8. b3 {[%eval 39,0]} c6 {[%eval 55,0]
} 9. Bb2 {[%eval 57,0]} cxd5 {[%eval 63,0]} 10. cxd5 {[%eval 62,0]} Bd7 {
[%eval 9,0]} 11. O-O {[%eval 73,0]} Rc8 {[%eval 101,0]} 12. Rc1 $6 {[%eval 43,
0] Inaccuracy. Nd4 was best.} (12. Nd4) 12... b5 {[%eval 46,0]} 13. Nd4 {
[%eval 44,0]} Qb6 {[%eval 52,0]} 14. Qd2 $6 {[%eval 55,0] Inaccuracy. e3 was
best.} (14. e3) 14... Rc7 $2 {[%eval 57,0] Mistake. b4 was best.} (14... b4)
15. Nb1 {[%eval 33,0]} Rfc8 {[%eval 37,0]} 16. Rxc7 {[%eval 41,0]} Rxc7 {
[%eval 42,0]} 17. Bc3 {[%eval 39,0]} Nb7 {[%eval 39,0]} 18. b4 {[%eval 34,0]}
Ng4 {[%eval 79,0]} 19. Nc6 {[%eval 92,0]} Bxc6 {[%eval 91,0]} 20. dxc6 {
[%eval 87,0]} Nd8 {[%eval 95,0]} 21. Bxg7 {[%eval 94,0]} Kxg7 {[%eval 81,0]}
22. Nc3 {[%eval 82,0]} Nf6 {[%eval 78,0]} 23. g4 {[%eval 83,0]} e6 $6 {[%eval
189,0] Inaccuracy. h6 was best.} (23... h6 24. h4 Rc8 25. g5 hxg5 26. hxg5 Ng8
27. Nd5 Qxc6 28. Qd4+ e5 29. Qxa7 Qe8 30. Qa6) 24. Qxd6 {[%eval 188,0]} Nxc6 {
[%eval 194,0]} 25. Nxb5 {[%eval 192,0]} Ne8 {[%eval 219,0]} 26. Qc5 {[%eval
208,0]} Qxc5 {[%eval 205,0]} 27. bxc5 {[%eval 212,0]} Rc8 {[%eval 224,0]} 28.
Rc1 {[%eval 208,0]} Kf8 {[%eval 261,0]} 29. Bxc6 {[%eval 206,0]} Rxc6 {[%eval
238,0]} 30. Nxa7 {[%eval 273,0]} Ra6 {[%eval 271,0]} 31. Nb5 {[%eval 271,0]}
Rxa2 {[%eval 259,0]} 32. c6 {[%eval 253,0]} Ra5 $6 {[%eval 404,0] Inaccuracy.
Ra8 was best.} (32... Ra8 33. Rd1) 33. c7 {[%eval 406,0]} Nxc7 {[%eval 399,0]}
34. Nxc7 {[%eval 392,0]} Ke7 {[%eval 402,0]} 35. Rb1 {[%eval 402,0]} Ra7 {
[%eval 424,0]} 36. Nb5 {[%eval 419,0]} Rb7 {[%eval 469,0]} 37. g5 {[%eval 455,
0]} 0-1

[Event "37th Reykjavik op"]
[Site "Reykjavik ISL"]
[Date "2024.03.16"]
[Round "2.25"]
[White "Wadsworth, Matthew"]
[Black "Loncke, Matthieu"]
[WhiteElo "2450"]
[BlackElo "2175"]
[Result "1-0"]
[EventDate "2024.03.15"]
[PlyCount "96"]

1. e4 {[%eval 13,0]} c5 {[%eval 33,0]} 2. Nf3 {[%eval 22,0]} d6 {[%eval 0,0]}
3. d4 {[%eval 18,0]} cxd4 {[%eval 13,0]} 4. Nxd4 {[%eval 27,0]} Nf6 {[%eval 3,
0]} 5. Nc3 {[%eval 21,0]} a6 {[%eval 24,0]} 6. Rg1 {[%eval 0,0]} h5 {[%eval 25,
0]} 7. Be3 {[%eval 14,0]} e5 {[%eval 27,0]} 8. Nf3 {[%eval 37,0]} Qc7 {[%eval
23,0]} 9. Qd2 {[%eval 9,0]} Be7 {[%eval 3,0]} 10. O-O-O {[%eval 1,0]} b5 {
[%eval 15,0]} 11. Ng5 {[%eval 12,0]} Bb7 {[%eval 17,0]} 12. Kb1 {[%eval 5,0]}
Nbd7 {[%eval 19,0]} 13. f3 {[%eval 45,0]} Nb6 {[%eval 2,0]} 14. Qf2 {[%eval 14,
0]} Nc4 {[%eval 7,0]} 15. Bxc4 {[%eval 14,0]} Qxc4 {[%eval 14,0]} 16. Rd3 {
[%eval 22,0]} a5 {[%eval 18,0]} 17. Bc1 {[%eval 51,0]} b4 {[%eval 62,0]} 18.
Nd1 {[%eval 52,0]} Nd7 {[%eval 11,0]} 19. Nh3 {[%eval 34,0]} Nc5 {[%eval 38,0]}
20. Rd2 {[%eval 33,0]} g6 {[%eval 32,0]} 21. Ne3 {[%eval 28,0]} Qb5 {[%eval 16,
0]} 22. Nd5 {[%eval 17,0]} Bd8 {[%eval 4,0]} 23. Rgd1 {[%eval 1,0]} Rc8 {
[%eval 4,0]} 24. Qe2 {[%eval 33,0]} Qxe2 {[%eval 29,0]} 25. Rxe2 {[%eval 26,0]}
Ba6 {[%eval 0,0]} 26. Ree1 {[%eval 35,0]} f6 {[%eval 31,0]} 27. Be3 {[%eval 39,
0]} Kf7 {[%eval 31,0]} 28. Nf2 {[%eval 37,0]} Ke6 {[%eval 7,0]} 29. Nd3 {
[%eval 53,0]} Nd7 {[%eval 18,0]} 30. Nc1 {[%eval 71,0]} Rb8 {[%eval 42,0]} 31.
Rd2 {[%eval 43,0]} Bb7 {[%eval 2,0]} 32. Red1 {[%eval 0,0]} Bxd5 {[%eval 4,0]}
33. Rxd5 {[%eval 0,0]} Bc7 {[%eval 3,0]} 34. Nb3 {[%eval 4,0]} Ra8 {[%eval 3,0]
} 35. Nd2 {[%eval 17,0]} Ra6 {[%eval 21,0]} 36. Nc4 {[%eval 35,0]} Rb8 {
[%eval 6,0]} 37. Bd2 $6 {[%eval 62,0] Inaccuracy. a4 was best.} (37. a4 bxa3)
37... a4 {[%eval 72,0]} 38. b3 {[%eval 73,0]} f5 {[%eval 85,0]} 39. Nb2 $2 {
[%eval -151,0] Mistake. Rd3 was best.} (39. Rd3) 39... axb3 {[%eval -175,0]}
40. cxb3 {[%eval -186,0]} fxe4 {[%eval -168,0]} 41. fxe4 {[%eval -168,0]} Nf6 {
[%eval -166,0]} 42. Rc1 {[%eval -112,0]} Nxd5 {[%eval -126,0]} 43. exd5+ {
[%eval -119,0]} Kd7 {[%eval -297,0]} 44. Rf1 {[%eval -129,0]} Ra5 {[%eval -118,
0]} 45. Rf7+ {[%eval -116,0]} Kc8 {[%eval -294,0]} 46. Be3 {[%eval -253,0]}
Rxd5 {[%eval -241,0]} 47. Nc4 {[%eval -389,0]} Rd3 {[%eval -244,0]} 48. Ba7 {
[%eval -397,0]} Rb7 {[%eval -381,0]} 1-0

[Event "37th Reykjavik op"]
[Site "Reykjavik ISL"]
[Date "2024.03.16"]
[Round "2.26"]
[White "Hill, Alistair"]
[Black "Mammadzada, Gunay"]
[WhiteElo "2187"]
[BlackElo "2449"]
[Result "0-1"]
[EventDate "2024.03.15"]
[PlyCount "93"]

1. d4 {[%eval 15,0]} d5 {[%eval 25,0]} 2. c4 {[%eval 26,0]} c6 {[%eval 28,0]}
3. Nf3 {[%eval 23,0]} Nf6 {[%eval 29,0]} 4. e3 {[%eval 24,0]} Bf5 {[%eval 29,0]
} 5. Nc3 {[%eval 27,0]} e6 {[%eval 24,0]} 6. Nh4 {[%eval 28,0]} Be4 {[%eval 29,
0]} 7. f3 {[%eval 33,0]} Bg6 {[%eval 22,0]} 8. Qb3 {[%eval 24,0]} Qc7 {[%eval
25,0]} 9. Bd2 {[%eval 27,0]} a5 {[%eval 31,0]} 10. cxd5 {[%eval 41,0]} Nxd5 {
[%eval 35,0]} 11. Rc1 {[%eval 21,0]} Be7 {[%eval 35,0]} 12. Nxg6 {[%eval 38,0]}
hxg6 {[%eval 28,0]} 13. Nxd5 {[%eval 3,0]} exd5 {[%eval 28,0]} 14. f4 $6 {
[%eval 53,0] Inaccuracy. Kf2 was best.} (14. Kf2 Bd6 15. Bd3 Qe7 16. e4 a4 17.
Qc2 dxe4 18. Rce1 Kf8 19. Bxe4 Qf6 20. d5) 14... Bh4+ {[%eval 5,0]} 15. Kd1 {
[%eval 19,0]} Qe7 {[%eval 3,0]} 16. Bd3 {[%eval 16,0]} O-O $6 {[%eval 5,0]
Inaccuracy. a4 was best.} (16... a4 17. Qc2) 17. g3 {[%eval 6,0]} Bf6 {[%eval
48,0]} 18. h4 {[%eval 66,0]} Na6 {[%eval 68,0]} 19. a3 {[%eval 53,0]} c5 $2 {
[%eval 217,0] Mistake. Qd7 was best.} (19... Qd7 20. Ke1) 20. Bxa6 $4 {[%eval
26,0] Blunder. Qxd5 was best.} (20. Qxd5 Rad8 21. Qf3 Qe6 22. h5 g5 23. h6 g6
24. f5 gxf5 25. Qxf5 Qxf5 26. Bxf5 a4) 20... Qe4 {[%eval 76,0]} 21. Rf1 $6 {
[%eval 5,0] Inaccuracy. Re1 was best.} (21. Re1 Rxa6) 21... bxa6 {[%eval 44,0]}
22. Rxc5 {[%eval 46,0]} Rfd8 {[%eval 46,0]} 23. Rf2 $6 {[%eval 12,0]
Inaccuracy. Kc1 was best.} (23. Kc1 Be7 24. Rc3 Rdb8 25. Qc2 Qg2 26. Qd1 Rb6
27. Rg1 Qf2 28. Qe1 Qf3 29. e4 Qxe4) 23... Rab8 {[%eval 15,0]} 24. Qc2 {
[%eval 39,0]} Qh1+ {[%eval 35,0]} 25. Be1 {[%eval 19,0]} Re8 {[%eval 22,0]} 26.
Qd3 {[%eval 4,0]} a4 {[%eval 35,0]} 27. Rc3 {[%eval 42,0]} Re4 $6 {[%eval 29,0]
Inaccuracy. Rb5 was best.} (27... Rb5 28. Re2) 28. Qf1 {[%eval 18,0]} Qxf1 {
[%eval 16,0]} 29. Rxf1 {[%eval 4,0]} Rxb2 {[%eval 27,0]} 30. Bd2 {[%eval 56,0]}
Be7 $6 {[%eval 0,0] Inaccuracy. Re8 was best.} (30... Re8) 31. Ke2 {[%eval 0,0]
} Re6 {[%eval 14,0]} 32. Rfc1 {[%eval 2,0]} Rb8 $2 {[%eval 161,0] Mistake. Kh7
was best.} (32... Kh7 33. g4 Reb6 34. g5 Ra2 35. R3c2 Rxc2 36. Rxc2 Bxa3 37.
Bc1 Bb4 38. Ra2 a5 39. Rxa4) 33. Rc8+ {[%eval 144,0]} Rxc8 {[%eval 153,0]} 34.
Rxc8+ {[%eval 151,0]} Kh7 {[%eval 144,0]} 35. Bc1 {[%eval 88,0]} Rb6 $2 {
[%eval 204,0] Mistake. f5 was best.} (35... f5 36. Re8) 36. Rc7 {[%eval 225,0]}
Bd6 $6 {[%eval 301,0] Inaccuracy. Re6 was best.} (36... Re6 37. Rd7 f5 38. Rxd5
Rc6 39. Kd2 Kh6 40. Re5 Rc7 41. Ra5 Kh5 42. Rxa4 Rc6 43. Bb2) 37. Rxf7 {
[%eval 287,0]} Rb3 $6 {[%eval 373,0] Inaccuracy. Kg8 was best.} (37... Kg8 38.
Rd7 Rc6 39. Kd1 Rb6 40. g4 Rc6 41. g5 Kf8 42. f5 gxf5 43. h5 Rb6 44. g6) 38.
Rd7 {[%eval 347,0]} Bxa3 $6 {[%eval 476,0] Inaccuracy. Rb6 was best.} (38...
Rb6 39. Rd8) 39. Bxa3 {[%eval 477,0]} Rxa3 {[%eval 407,0]} 40. Rxd5 {[%eval
476,0]} Ra2+ {[%eval 505,0]} 41. Kf3 {[%eval 498,0]} a3 {[%eval 497,0]} 42. Ra5
{[%eval 409,0]} Ra1 {[%eval 493,0]} 43. Rxa6 {[%eval 485,0]} a2 {[%eval 409,0]}
44. Kg4 {[%eval 467,0]} Re1 {[%eval 468,0]} 45. Rxa2 {[%eval 499,0]} Rxe3 {
[%eval 492,0]} 46. Rd2 {[%eval 481,0]} Kg8 {[%eval 572,0]} 47. d5 {[%eval 562,
0]} 0-1

[Event "37th Reykjavik op"]
[Site "Reykjavik ISL"]
[Date "2024.03.16"]
[Round "2.27"]
[White "Chasin, Nico"]
[Black "Mardell, Jimmy"]
[WhiteElo "2447"]
[BlackElo "2172"]
[Result "1-0"]
[EventDate "2024.03.15"]
[PlyCount "120"]

1. e4 {[%eval 13,0]} c5 {[%eval 33,0]} 2. Nf3 {[%eval 22,0]} d6 {[%eval 0,0]}
3. d4 {[%eval 18,0]} cxd4 {[%eval 13,0]} 4. Nxd4 {[%eval 27,0]} Nf6 {[%eval 3,
0]} 5. Nc3 {[%eval 21,0]} Nc6 {[%eval 47,0]} 6. Bg5 {[%eval 42,0]} e6 {[%eval
23,0]} 7. Qd2 {[%eval 37,0]} a6 {[%eval 29,0]} 8. O-O-O {[%eval 39,0]} Bd7 {
[%eval 51,0]} 9. Kb1 {[%eval 45,0]} Nxd4 {[%eval 42,0]} 10. Qxd4 {[%eval 35,0]}
Be7 {[%eval 38,0]} 11. f3 {[%eval 44,0]} Qc7 {[%eval 3,0]} 12. Qd2 {[%eval 44,
0]} b5 {[%eval 56,0]} 13. g4 {[%eval 48,0]} h5 {[%eval 54,0]} 14. gxh5 {
[%eval 48,0]} Nxh5 {[%eval 6,0]} 15. h4 {[%eval 43,0]} f6 {[%eval 62,0]} 16.
Be3 {[%eval 72,0]} Ng3 {[%eval 67,0]} 17. Rg1 {[%eval 57,0]} Nxf1 {[%eval 63,0]
} 18. Rdxf1 {[%eval 61,0]} Bf8 {[%eval 67,0]} 19. Bf2 {[%eval 74,0]} a5 {
[%eval 85,0]} 20. Ne2 {[%eval 79,0]} Kf7 {[%eval 121,0]} 21. Nf4 {[%eval 115,0]
} Rh6 $6 {[%eval 197,0] Inaccuracy. Rc8 was best.} (21... Rc8 22. h5) 22. h5 {
[%eval 181,0]} Rc8 {[%eval 199,0]} 23. Rc1 $6 {[%eval 102,0] Inaccuracy. Be3
was best.} (23. Be3 b4 24. Rf2 a4 25. Rfg2 Rh7 26. Ng6 b3 27. cxb3 axb3 28.
axb3 Qc6 29. Nxf8 Kxf8) 23... a4 {[%eval 123,0]} 24. Be3 $6 {[%eval 16,0]
Inaccuracy. a3 was best.} (24. a3) 24... a3 {[%eval 19,0]} 25. b3 $2 {[%eval
97,0] Mistake. c3 was best.} (25. c3 axb2) 25... Qc3 {[%eval 81,0]} 26. Qxc3 {
[%eval 92,0]} Rxc3 {[%eval 92,0]} 27. Rce1 {[%eval -96,0]} Rh7 $6 {[%eval 39,0]
Inaccuracy. d5 was best.} (27... d5) 28. Rh1 {[%eval 3,0]} d5 {[%eval 34,0]}
29. exd5 {[%eval 38,0]} e5 {[%eval 53,0]} 30. Nd3 {[%eval 9,0]} Bf5 {[%eval 81,
0]} 31. Bd2 {[%eval 84,0]} Rc8 {[%eval 77,0]} 32. Rh4 {[%eval -99,0]} Bd6 {
[%eval 85,0]} 33. Bb4 {[%eval 78,0]} Bxd3 {[%eval 62,0]} 34. Bxd6 {[%eval 72,0]
} Bxc2+ {[%eval 71,0]} 35. Ka1 {[%eval 78,0]} Rd8 {[%eval 71,0]} 36. Bxa3 {
[%eval 77,0]} Rxd5 {[%eval 76,0]} 37. Rc1 $6 {[%eval -62,0] Inaccuracy. Kb2
was best.} (37. Kb2) 37... Bf5 $6 {[%eval 68,0] Inaccuracy. Rd2 was best.} (
37... Rd2 38. Bb4 Rg2 39. Bc5 Rh8 40. Bb6 Ke6 41. a4) 38. Bb4 {[%eval 9,0]} Bd7
{[%eval 53,0]} 39. Kb2 {[%eval 68,0]} Ke6 {[%eval 64,0]} 40. Rch1 $6 {[%eval
-62,0] Inaccuracy. Rc7 was best.} (40. Rc7 Kf5) 40... Bc6 {[%eval -74,0]} 41.
Kc3 $6 {[%eval -9,0] Inaccuracy. Rc1 was best.} (41. Rc1 Be8) 41... Rd8 {
[%eval -21,0]} 42. R1h3 {[%eval -187,0]} Rdh8 {[%eval -6,0]} 43. f4 {[%eval
-93,0]} exf4 {[%eval -18,0]} 44. Rxf4 {[%eval -26,0]} Rxh5 {[%eval -37,0]} 45.
Rd3 $6 {[%eval -172,0] Inaccuracy. Rxh5 was best.} (45. Rxh5 Rxh5) 45... Rh3 {
[%eval -22,0]} 46. Rfd4 {[%eval -16,0]} Rxd3+ {[%eval -17,0]} 47. Rxd3 {
[%eval -22,0]} Be4 {[%eval -42,0]} 48. Rd6+ {[%eval -94,0]} Ke5 {[%eval -57,0]}
49. Rb6 {[%eval -58,0]} Rc8+ {[%eval 89,0]} 50. Kb2 $2 {[%eval -154,0] Mistake.
Kd2 was best.} (50. Kd2 Kf4 51. Bc3 Rd8+ 52. Kc1 Rd7 53. Bxf6 gxf6 54. Rxf6+
Ke3 55. Rb6 Rc7+ 56. Kb2 Rc2+) 50... Bc6 $2 {[%eval -93,0] Mistake. Rc2+ was
best.} (50... Rc2+ 51. Ka1 g5 52. Bd6+ Ke6 53. Bb8+ Kf5 54. Rxb5+ Kg4 55. a4 f5
56. a5 f4 57. Ba7) 51. Ra6 $6 {[%eval -174,0] Inaccuracy. Bc3+ was best.} (51.
Bc3+) 51... g5 {[%eval -175,0]} 52. a4 $6 {[%eval -298,0] Inaccuracy. Bc3+ was
best.} (52. Bc3+ Kf5) 52... f5 {[%eval -299,0]} 53. axb5 {[%eval -279,0]} Bxb5
{[%eval -284,0]} 54. Rg6 $6 {[%eval -399,0] Inaccuracy. Ra5 was best.} (54. Ra5
Rb8 55. Ra7 f4 56. Rg7 Kf6 57. Rc7 Re8 58. Kc3 g4 59. Bd6 Re3+ 60. Kb4 Be2)
54... g4 {[%eval -201,0]} 55. Bc3+ {[%eval -398,0]} Ke4 {[%eval -386,0]} 56. b4
{[%eval -395,0]} Kf3 {[%eval -348,0]} 57. Bd4 {[%eval -344,0]} f4 {[%eval -369,
0]} 58. Rg5 {[%eval -334,0]} Rc4 {[%eval -395,0]} 59. Rxb5 $6 {[%eval -699,0]
Inaccuracy. Bc3 was best.} (59. Bc3 Bd7 60. b5 g3 61. b6 Bc6 62. Kc2 g2 63. Kd3
Rc5 64. Rxc5 Be4+ 65. Kc4 g1=Q) 59... Rxd4 {[%eval -526,0]} 60. Kc3 {[%eval
-538,0]} Rd1 {[%eval -553,0]} 1-0

[Event "37th Reykjavik op"]
[Site "Reykjavik ISL"]
[Date "2024.03.16"]
[Round "2.28"]
[White "Mannion, Stephen"]
[Black "Nevednichy, Vladislav"]
[WhiteElo "2166"]
[BlackElo "2445"]
[Result "0-1"]
[EventDate "2024.03.15"]
[PlyCount "59"]

1. Nf3 {[%eval 2,0]} d6 {[%eval 59,0]} 2. d4 {[%eval 46,0]} Bg4 {[%eval 89,0]}
3. c4 {[%eval 94,0]} Bxf3 {[%eval 98,0]} 4. exf3 {[%eval 67,0]} g6 {[%eval 126,
0]} 5. h4 {[%eval 88,0]} Nf6 {[%eval 72,0]} 6. Nc3 {[%eval 93,0]} Bg7 {[%eval
77,0]} 7. g4 {[%eval 77,0]} Nc6 $6 {[%eval 185,0] Inaccuracy. h5 was best.} (
7... h5 8. Be3 e6 9. d5 exd5 10. cxd5 c6 11. dxc6 Nxc6 12. Qb3) 8. d5 {[%eval
167,0]} Ne5 {[%eval 194,0]} 9. h5 {[%eval 174,0]} Rf8 $6 {[%eval 251,0]
Inaccuracy. O-O was best.} (9... O-O 10. Be2 Ned7 11. f4 Nc5 12. Be3 c6 13. h6
Bh8 14. O-O cxd5 15. cxd5 Rc8 16. Re1) 10. Be2 {[%eval 249,0]} c6 {[%eval 254,
0]} 11. f4 {[%eval 223,0]} Ned7 {[%eval 226,0]} 12. hxg6 $6 {[%eval 156,0]
Inaccuracy. Be3 was best.} (12. Be3 Qa5 13. h6 Bh8 14. Bf3 Ng8 15. Rc1 c5 16.
Bd2 O-O-O 17. O-O Nxh6 18. Re1 Kb8) 12... hxg6 {[%eval 149,0]} 13. g5 {[%eval
148,0]} Ng8 {[%eval 205,0]} 14. Be3 {[%eval 192,0]} Bxc3+ {[%eval 194,0]} 15.
bxc3 {[%eval 179,0]} c5 {[%eval 212,0]} 16. f5 {[%eval 159,0]} gxf5 {[%eval
144,0]} 17. Rb1 {[%eval 133,0]} Qc7 {[%eval 168,0]} 18. Qc2 {[%eval 126,0]}
O-O-O {[%eval 169,0]} 19. Qxf5 {[%eval 164,0]} Kb8 {[%eval 200,0]} 20. Rh7 {
[%eval 199,0]} Ne5 {[%eval 222,0]} 21. f4 {[%eval 228,0]} Qd7 {[%eval 291,0]}
22. Qxd7 {[%eval 281,0]} Nxd7 {[%eval 298,0]} 23. Kd2 {[%eval 281,0]} Kc7 {
[%eval 264,0]} 24. Rbh1 {[%eval 286,0]} a6 {[%eval 306,0]} 25. Bd3 {[%eval 279,
0]} Rb8 {[%eval 272,0]} 26. a4 {[%eval 275,0]} Kb6 {[%eval 287,0]} 27. Rg7 {
[%eval 288,0]} Ka5 {[%eval 263,0]} 28. Kc2 {[%eval 272,0]} Nb6 {[%eval 298,0]}
29. Rhh7 {[%eval 282,0]} f6 {[%eval 275,0]} 30. g6 {[%eval 266,0]} 0-1

[Event "37th Reykjavik op"]
[Site "Reykjavik ISL"]
[Date "2024.03.16"]
[Round "2.29"]
[White "Injac, Teodora"]
[Black "Morin, Yves"]
[WhiteElo "2434"]
[BlackElo "2166"]
[Result "1-0"]
[EventDate "2024.03.15"]
[PlyCount "99"]

1. e4 {[%eval 13,0]} e5 {[%eval 17,0]} 2. Nf3 {[%eval 21,0]} Nc6 {[%eval 13,0]}
3. Bb5 {[%eval 21,0]} a6 {[%eval 2,0]} 4. Ba4 {[%eval 31,0]} Nf6 {[%eval 14,0]}
5. d3 {[%eval 4,0]} b5 {[%eval 21,0]} 6. Bb3 {[%eval 11,0]} Bc5 {[%eval 13,0]}
7. Bg5 {[%eval 2,0]} h6 {[%eval 5,0]} 8. Bh4 {[%eval 14,0]} d6 {[%eval 4,0]} 9.
c3 {[%eval 15,0]} O-O {[%eval 32,0]} 10. O-O {[%eval 15,0]} g5 {[%eval 18,0]}
11. Bg3 {[%eval 28,0]} Bg4 {[%eval 32,0]} 12. h3 {[%eval 34,0]} Bh5 {[%eval 28,
0]} 13. Nbd2 {[%eval 3,0]} Qd7 {[%eval 32,0]} 14. Re1 {[%eval 35,0]} Rfe8 {
[%eval 31,0]} 15. Nf1 {[%eval 36,0]} Bb6 {[%eval 29,0]} 16. Ne3 {[%eval 36,0]}
Bg6 {[%eval 45,0]} 17. a4 {[%eval 47,0]} Rab8 {[%eval 51,0]} 18. axb5 {[%eval
53,0]} axb5 {[%eval 5,0]} 19. h4 {[%eval 4,0]} g4 {[%eval 42,0]} 20. Nh2 {
[%eval 43,0]} h5 {[%eval 45,0]} 21. Kh1 {[%eval 21,0]} Bxe3 {[%eval 46,0]} 22.
fxe3 $6 {[%eval 51,0] Inaccuracy. Rxe3 was best.} (22. Rxe3 Ra8 23. Rxa8 Rxa8
24. Re1 Kg7 25. Nf1 d5 26. f3 gxf3 27. gxf3 Na5 28. Bxe5 Nxb3) 22... Kg7 {
[%eval 24,0]} 23. Nf1 {[%eval 23,0]} Ra8 {[%eval 28,0]} 24. Nd2 {[%eval 58,0]}
Rxa1 {[%eval 39,0]} 25. Qxa1 {[%eval 53,0]} d5 {[%eval 0,0]} 26. exd5 {[%eval
0,0]} Nxd5 {[%eval 2,0]} 27. e4 {[%eval 52,0]} Nf4 $6 {[%eval 6,0] Inaccuracy.
Nde7 was best.} (27... Nde7 28. d4) 28. d4 {[%eval 16,0]} Nd3 {[%eval 26,0]}
29. Re3 {[%eval 31,0]} Nc5 {[%eval 63,0]} 30. d5 {[%eval 57,0]} Nxb3 $6 {
[%eval 151,0] Inaccuracy. f6 was best.} (30... f6) 31. Nxb3 {[%eval 139,0]} Nb8
{[%eval 107,0]} 32. Nc5 {[%eval 64,0]} Qd6 {[%eval 56,0]} 33. b4 {[%eval 58,0]}
Nd7 {[%eval 51,0]} 34. Nxd7 {[%eval 13,0]} Qxd7 {[%eval 32,0]} 35. c4 {[%eval
18,0]} bxc4 {[%eval 6,0]} 36. Bxe5+ {[%eval 0,0]} Kh7 {[%eval 4,0]} 37. Qd4 {
[%eval 0,0]} Qe7 {[%eval 0,0]} 38. Bf6 {[%eval 0,0]} Qxb4 {[%eval 3,0]} 39. e5
{[%eval 1,0]} Ra8 {[%eval 1,0]} 40. d6 {[%eval 5,0]} g3 $4 {[%eval 201,0]
Blunder. c5 was best.} (40... c5 41. Qc3 Qxc3 42. Rxc3 Bf5 43. Rxc4 Ra5 44. Kg1
Be6 45. Rc3 Kg6 46. Kf2 Ra2+ 47. Kg3) 41. Rxg3 {[%eval 196,0]} c5 {[%eval 204,
0]} 42. Qe3 {[%eval 193,0]} Ra1+ $4 {[%eval 426,0] Blunder. Qb3 was best.} (
42... Qb3 43. Qe1) 43. Kh2 {[%eval 433,0]} Qb1 {[%eval 476,0]} 44. Rxg6 {
[%eval 461,0]} Qh1+ {[%eval 505,0]} 45. Kg3 {[%eval 505,0]} fxg6 {[%eval 502,0]
} 46. d7 {[%eval 521,0]} Ra2 $4 {[%eval 32744,0] Checkmate is now unavoidable.
Rd1 was best.} (46... Rd1 47. d8=Q Rxd8 48. Bxd8 Qd1 49. Bg5 Qg4+ 50. Kf2 Qf5+
51. Kg1 Qe6 52. Qxc5 Kg8 53. Qd6) 47. Qf3 {[%eval 32708,0]} Qe1+ {[%eval 32746,
0]} 48. Kh2 {[%eval 32748,0]} Rd2 {[%eval 32754,0]} 49. d8=Q {[%eval 32756,0]}
Rxd8 $4 {[%eval 32766,0] Checkmate is now unavoidable. Qxh4+ was best.} (49...
Rd3 50. Qd7+ Rxd7 51. Qb7) (49... Qxh4+ 50. Bxh4 Rxd8 51. Bxd8 h4 52. Bg5 Kg7
53. e6 Kg8 54. Qf7+ Kh8 55. Bf6#) 50. Qb7+ $4 {[%eval 0,0] Lost forced
checkmate sequence. Qh8# was best.} 1-0